书目信息 |
| 题名: |
物种起源
|
|
| 作者: | 达尔文 | |
| 分册: | ||
| 出版信息: | 南京 译林出版社 2016.05 |
|
| 页数: | 301页 | |
| 开本: | 26cm | |
| 丛书名: | ||
| 单 册: | ||
| 中图分类: | Q111.2 | |
| 科图分类: | ||
| 主题词: | 生物--进化 , 生物--发展 | |
| 电子资源: | ||
| ISBN: | 978-7-5447-6244-1 | |
| 000 | 00599nam0 2200217 450 | |
| 001 | 3715 | |
| 005 | 20170515152921.42 | |
| 010 | @a978-7-5447-6244-1@b平装@dCNY49.80 | |
| 100 | @a20151002d2016 km y0chiy0120 ea | |
| 101 | 0 | @achi |
| 102 | @aCN@b320000 | |
| 200 | 1 | @a物种起源@Awu zhong qi yuan@f(英)达尔文@F(ying)da er wen |
| 210 | @a南京@c译林出版社@d2016.05 | |
| 215 | @a301页@d26cm | |
| 330 | @a英语·汉语·对照读物 | |
| 606 | 0 | @a生物@x进化 |
| 606 | 0 | @a生物@x发展 |
| 690 | @aQ111.2@v4 | |
| 701 | 0 | @a达尔文@Ada er wen |
| 801 | 0 | @aCN@b唐山师范学院图书馆@c20151002 |
| 905 | @aZUCC@dQ111.2@e191 | |
| 物种起源/(英)达尔文.-南京:译林出版社,2016.05 |
| 301页;26cm |
| ISBN 978-7-5447-6244-1(平装):CNY49.80 |
| 英语·汉语·对照读物 |
| ● |
| 相关链接 |
|
|
|
|
正题名:物种起源
索取号:Q111.2/191
 
预约/预借
| 序号 | 登录号 | 条形码 | 馆藏地/架位号 | 状态 | 备注 |
| 1 | 906288 | 209062887 | 第二样本阅览室/ [索取号:Q111.2/191] | 在馆 | |
| 2 | 906289 | 209062896 | 第三借阅区/ [索取号:Q111.2/191] | 在馆 | |
| 3 | 906290 | 209062903 | 第三借阅区/ [索取号:Q111.2/191] | 在馆 | |
| 4 | 906291 | 209062912 | 第三借阅区/ [索取号:Q111.2/191] | 在馆 | |
| 5 | 906292 | 209062921 | 第三借阅区/ [索取号:Q111.2/191] | 在馆 |